| 000 | 00567nam a2200145Ia 4500 | ||
|---|---|---|---|
| 008 | 250506s9999 xx 000 0 und d | ||
| 024 | _a16B-052-SE, 16B-074-SE, 16B-080-SE & 16B-111-SE | ||
| 082 | _a005.92072 AYE | ||
| 100 | _aAyesha Khalid, Asad Shah, Muhammad Farhal Bin Ameer & Mishka Zaheer Ahmed | ||
| 245 | 0 | _aCashless System | |
| 260 |
_aKarachi: _bUIT, _c2016 |
||
| 600 | _aSoftware Engineering | ||
| 650 | _aBachelor of Computer Science (BS) | ||
| 856 |
_uhttps://drive.google.com/file/d/1f80mBAuDMuPqVatk75JzNQGGrd6mo0eu/view?usp=sharing _yClick here for PDF |
||
| 999 |
_c28915 _d28915 |
||